Знаменитые люди по имени Игорь - Statistics

General Stats
  • This quiz has been taken 47 times
  • The average score is 7 of 18
Answer Stats
Подсказка Ответ % Correct
11 раз становился «Вратарём года» имени Льва Яшина Игорь {Акинфеев}
79%
Композитор песен «Акапулько» и «Любовь, похожая на сон» Игорь {Крутой}
68%
Певец, погибший при невыясненных обстоятельствах во время концерта Игорь {Тальков}
68%
Автор песни «Дельфин и русалка» Игорь {Николаев}
68%
Председатель совета директоров компании «Роснефть» Игорь {Сечин}
53%
«Отец» советской атомной бомбы Игорь {Курчатов}
50%
Оказал огромное влияние на иллюзионистское искусство в СССР Игорь {Кио}
44%
Ведущий программы «Жди меня» Игорь {Кваша}
44%
Капитан команды КВН «Сборная Днепропетровска» Игорь {Ласточкин}
38%
Бывший владелец крупнейшего банка Украины Игорь {Коломойский}
35%
Трижды выигрывал Кубок Стэнли с «Детройтом» Игорь {Ларионов}
32%
Создатель первого четырёхмоторного самолёта в мире Игорь {Сикорский}
29%
Бывший офицер спецслужб, осуждён за крушение малайзийского «Боинга» Игорь {Стрелков}
26%
Актёр, снявшийся в фильмах «Лифт» и «Цой» Игорь {Верник}
21%
Автор оперы «Похождения повесы» Игорь {Стравинский}
21%
Ведущий программы «Время» Игорь {Кириллов}
18%
Один из крупнейших представителей русского футуризма Игорь {Северянин}
15%
Министр обороны Российской Федерации Игорь {Сергеев}
12%
No matching quizzes found
Score Distribution
Percent of People with Each Score
Percentile by Number Answered
Your Score History
You have not taken this quiz